000 00518nam a2200181Ia 4500
008 090201s9999 xx 000 0 und d
010 _aKPL-73489
040 _bमराठी
041 _aमराठी
082 _a53973
_b73489
100 _aभास्कर महाजन
245 _aनराधम
_cभास्कर महाजन
250 _a1
260 _c2003
_bसत्यजय प्रकाशन
300 _a240
_bलहान
600 _aनराधम
942 _cBOOK
999 _c250384
_d250384